|
|
|
|
| LEADER |
00000cab a2200000 a 4500 |
| 001 |
vtls010790848 |
| 003 |
SK-MaSNL |
| 005 |
20260303120302.0 |
| 008 |
230131|1968 xo |||||||||||||||||slo| |
| 035 |
|
|
|a (urnnbn)urn:nbn:sk:snk:ar-a01j31
|
| 035 |
|
|
|a (uuid)0761ec68-f551-4d29-b909-9d950f308730
|
| 035 |
|
|
|a urn:nbn:sk:snk-ab4en8
|
| 040 |
|
|
|a SNKBUCL
|b slo
|c SNKBUCL
|e AACR2
|
| 041 |
0 |
|
|a slo
|
| 044 |
|
|
|a xo
|c SK
|
| 080 |
|
|
|a 730
|2 2011
|
| 100 |
1 |
|
|a Sabol, Eugen,
|d 1914-1989
|4 aut
|9 187122
|
| 245 |
1 |
0 |
|a Medzinárodné sochárske sympózium o Vyšných Ružbachoch
|c Eugen Sabol
|
| 611 |
2 |
7 |
|a Medzinárodné sochárske sympózium
|c (Vyšné Ružbachy, Slovensko)
|2 snkbucl
|9 1023009
|
| 650 |
0 |
7 |
|a sochársto
|2 SNKPH
|9 1132748
|
| 773 |
0 |
|
|t Vlastivedný časopis : časopis pre vlastivednú prácu, kultúrnu históriu, pamiatky a múzeá
|g Roč. 17, č. 1 (1968), s. 42-43
|
| 954 |
|
|
|a odborná, vedecká literatúra pôvodná (slovenská)
|2 lita
|
| 958 |
|
|
|a OND
|
| 958 |
|
|
|a EUIPO
|
| 958 |
|
|
|a article3
|
| 999 |
|
|
|c 1908611
|d 1910541
|